Mestské kúpalisko v Leviciach
Gespeichert in:
| 1. Verfasser: | |
|---|---|
| Weitere Verfasser: | |
| Format: | Manuskript Buch |
| Sprache: | Slowakisch |
| Veröffentlicht: |
2023
|
| Schlagworte: | |
| Online-Zugang: | http://is.stuba.sk/zp/portal_zp.pl?podrobnosti=155964 https://opac.crzp.sk/?fn=detailBiblioForm&sid=D51643D01657CDEC2692B4F06848 |
| Tags: |
Keine Tags, Fügen Sie das erste Tag hinzu!
|
MARC
| LEADER | 00000ntm a22000003a 4500 | ||
|---|---|---|---|
| 001 | stuzp93719 | ||
| 003 | SK-STU | ||
| 005 | 20230918152924.2 | ||
| 007 | ta | ||
| 008 | 150427s2015----xo-----f-mn---000-0-slo-d | ||
| 040 | |a STU |b slo | ||
| 041 | 0 | |a slo | |
| 100 | 1 | |a Grman, Matej |u 010310 |4 aut |U SvF Stavebná fakulta |T SvF Katedra architektúry |X 103885 |U V181|V310 |Y 19 |7 103885 | |
| 242 | 0 | 1 | |a Municipal swimming pool in Levice |y eng |
| 245 | 1 | 0 | |a Mestské kúpalisko v Leviciach |
| 260 | |c 2023 | ||
| 650 | 4 | |a mestské kúpalisko |2 slo | |
| 650 | 4 | |a saunárium |2 slo | |
| 650 | 4 | |a biobazén |2 slo | |
| 650 | 4 | |a Biokúpalisko |2 slo | |
| 650 | 4 | |a biokúpanie |2 slo | |
| 650 | 4 | |a Bionatural pool |2 eng | |
| 650 | 4 | |a bio-bathing |2 eng | |
| 650 | 4 | |a city openair swimming pool |2 eng | |
| 650 | 4 | |a saunarium |2 eng | |
| 650 | 4 | |a organic swimming pool |2 eng | |
| 700 | 1 | |a Naddourová, Nora |u 010310 |k Z3 |4 ths |U SvF Stavebná fakulta |T SvF Katedra architektúry |X 56690 |U V181|V310 |Y 19 |7 56690 | |
| 856 | 4 | |u http://is.stuba.sk/zp/portal_zp.pl?podrobnosti=155964 | |
| 856 | 4 | |u https://opac.crzp.sk/?fn=detailBiblioForm&sid=D51643D01657CDEC2692B4F06848 | |